00000000cam 2200000zi 4500
0019.907967
003CaOODSP
00520260320114322
006m     o  d f      
007cr mn|||||||||
008220210t20222022onca    o    f000 0 eng d
040 |aCaOODSP|beng|erda|cCaOODSP
043 |an-cn---
0861 |aP29-012-001-2022E-PDF
24500|aSafety glazing.
250 |a[February 2022 edition].
264 1|aOttawa, Ontario : |bCanadian General Standards Board = Office des normes générales du Canada : |bStandards Council of Canada = Conseil canadien des normes, |c2022.
264 4|c©2022
300 |a1 online resource (iii, 31 pages) : |billustrations.
336 |atext|btxt|2rdacontent
337 |acomputer|bc|2rdamedia
338 |aonline resource|bcr|2rdacarrier
4901 |aNational standard of Canada ; |vCAN/CGSB-12.1-2022
500 |a"Published February 2022."
500 |a"Experience and excellence"--Cover.
500 |a"Supersedes CAN/CGSB-12.1-2017."
500 |aIssued also in French under title: Vitrage de sécurité.
520 |a"This National Standard of Canada applies to glazing materials that have been subjected to the test methods described herein. Such test methods are intended to demonstrate minimum performance characteristics designed to reduce the likelihood of cutting and piercing injuries resulting when glazing materials used in areas of human impact in building and architectural applications are broken by human impact"--Scope, page 1.
650 0|aGlazing|xStandards|zCanada.
7102 |aStandards Council of Canada, |eissuing body.
7102 |aCanadian General Standards Board, |eissuing body.
77508|tVitrage de sécurité.|w(CaOODSP)9.907968
794 |tSafety glazing.|b[March 2026 edition]|w(CaOODSP)9.960683
795 |tSafety glazing |b[February 2017 edition]|w(CaOODSP)9.840450
830#0|aNational standard of Canada ;|vCAN/CGSB-12.1-2022.|w(CaOODSP)9.507848
85640|qPDF|s1.39 MB|uhttps://publications.gc.ca/collections/collection_2022/ongc-cgsb/P29-012-001-2022-eng.pdf
986 |aICS 81.040.20